000 01511cam a22004214i 4500
003 PE-LiUPU
005 20250731173139.0
008 150623s1991 is r 000 0 spa d
035 _a(Sirsi) a27294
040 _aPE-LiUPU
_bspa
_cPE-LiUPU
_erda
049 _aPRUA
082 0 4 _a221.44
_bB46
_221
130 _aBiblia.
_f1991.
_lHebreo-Español.
_sKatznelson.
245 1 3 _aLa Biblia Hebreo-Español :
_bVersión castellana conforme a la tradición judía.
_n1 /
_cMoisés Katznelson.
264 1 _aTel-Aviv, Israel :
_bSinai,
_c1991.
300 _a660 páginas ;
_c17 centímetros
336 _atext
_2rdacontent
337 _aunmediated
_2rdamedia
338 _avolume
_2rdacarrier
505 0 _aLa Santa Biblia en Hebreo - Español desde Génesis hasta 2 Reyes.
526 _aSEG42
526 _aSEG41
526 _aSEG40
526 _aSEG39
526 _aP94
526 _aP87
526 _aP86
526 _aP85
526 _aP77
526 _aP76
526 _aP35
541 _g009175;
630 _aBiblia.
_lHebreo-Español.
_sKatznelson.
_f1991.
942 _2ddc
_cBOOK
949 _a221.44 B46 1
_wDEWEY
_c1
_i52590
_lCCODEBUL1
_mBUL
_p15.00
_r0
_sY
_tBOOK
_u2015-06-24
_xTEOLOGIA
_PP35
_0COMPRA
_o.STAFF. Colección General
596 _a1
999 _a221.44 B46 1
_wDEWEY
_c34418
_i52590
_d34418
_e2019-10-16
_f2021-11-9
_g5
_lCCODEBUL1
_mBUL
_n7
_p15.00
_q14
_r0
_sY
_tBOOK
_u2015-6-24
_xTEOLOGIA
_PP35
_0COMPRA
_o.STAFF. Colección Teología
980 _81
_gALBERTO SANCHEZ Responsable de Automatización